Meilleurs pays au football dans les Amériques - Statistiques

Statistiques générales
  • Ce quiz a été pris 314 fois
  • Le résultat moyen est 9 sur 10
Statistiques - réponses
Classement Pays % Correct
3 Argentine
99%
1 Brésil
99%
12 Mexique
91%
13 Uruguay
91%
17 Colombie
90%
14 États-Unis
90%
29 Chili
88%
43 Canada
87%
21 Pérou
77%
34 Costa Rica
58%
Aucun quiz correspondant
Distribution des résultats
% des personnes avec chaque résultat
Percentile par nombre de réponses
Votre historique - résultats
Vous n’avez pas pris ce quiz